1864 1532 1922 1390 1985 1627 1198 1192 1846 1725 1191 1090 1029 1558 1026 1289 1714 1936 1712 1699 1691 1488 1644 1091 1179 1226 1717 1646 1161 1997 1742 1078 1106 1091 1339 1514 1115 1919 1683 1249 1828 1233 1792 1291 1082 1141 1573 1281 1233 1498 1162 1602 1014 1037 1531 1559 1762 1904 1672 1507 1482 1579 1868 1734 1233 1673 1243 1674 1795 1954 1999 1685 1306 1314 1783 1733 1470 1318 1172 1438 1283 1801 1385 1784 1187 1506 1251 1947 1779 1536 1083 1825 1581 1891 1195 1158 1438 1005 1435 BCNSPRNW ULIB Ver.6.0+V

เปลี่ยนเป็นภาษาไทย

Change to English
 แสดงรายละเอียดบรรณานุกรม
  กลับหน้าหลัก

Brief Record : Get Marc (ISO 2709) : E-mail record : QR code < ปิดหน้าต่าง
LEADER : 00000nam 2200000uu 4500
001    13399111976
003     ULIB
008    110713s2553||||th 000 0 tha d
020    9746429272 (ล.3)
060  0 WA308^bบ261ป ล.3
110 1  มหาวิทยาลัยสุโขทัยธรรมาธิราช.^bบัณฑิตศึกษา สาขาวิชาวิทยาศาสตร์สุขภาพ
245 0  ประมวลสาระชุดวิชาสถิติและระเบียบวิธีวิจัยในงานสาธารณสุข หน่วยที่ 11-15 = ^bStatistics and research methods in public health / ^cบัณฑิตศึกษา สาขาวิชาวิทยาศาสตร์สุขภาพ มหาวิทยาลัยสุโขทัยธรรมาธิราช.
246 3  ชุดวิชาสถิติและระเบียบวิธีวิจัยในงานสาธารณสุข
246 3  สถิติและระเบียบวิธีวิจัยในงานสาธารณสุข
246 3  Statistics and research methods in public health
250    พิมพ์ครั้งที่ 6.
260    นนทบุรี : ^bโรงพิมพ์มหาวิทยาลัยสุโขทัยธรรมาธิราช, ^c2553.
300    3 เล่ม : ^bภาพประกอบ ; ^c29 ซม.
650    สาธารณสุข ^xวิจัย.
650    สาธารณสุข ^xระเบียบวิธีทางสถิติ.
945    ^p0^l0^i18414
995    กัณชพร
999    ^aใช้งานได้ทุกระบบ
รายการนี้ยังไม่มีแท็ก
คุณยังไม่ได้ล็อกอิน คุณสามารถมีกิจกรรมร่วมกับเว็บไซต์ได้ แต่ต้องล็อกอินก่อน ::
  ล็อกอิน

รายการสื่อสารสนเทศ

ลำดับที่ ประเภท เลขเรียก/บาร์โค้ด สถานที่ สถานะ
1. วิทยาศาสตร์การแพทย์ และสุขภาพ
วิทยาศาสตร์การแพทย์ และสุขภาพ
WA308 บ261ป ล.3  
  Barcode: 18414
ห้องสมุดวิทยาเขตนครสวรรค์
►ส่วนจัดเก็บหนังสือเก่า นว.
บนชั้น
  ขอยืม

BibComment


ยังไม่เคยถูกคอมเมนท์

คอมเมนท์ทรัพยากรรายการนี้
  คอมเมนท์: ประมวลสาระชุดวิชา..


 Copyright 2026. Bcnsprnw @Library